000 00664nab a2200193 4500
001 244442
003 OSt
005 20251001081925.0
007 tu
008 200917s2020|||||||
040 _aDE-2950
_cDE-2950
245 0 0 _aPremiere schon ausverkauft
_bOderhähne. Erinnerung an die Rock-Ikone Tamara Danz. Vier weitere Vorstellungen im Oktober. Im Kabarettkeller wurde Sonntagnachmittag in die 49. Spielzeit gestartet/
_cJörg Kotterba
264 _c2025
653 _aFrankfurt (Oder)
653 _aOderhähne
653 _aSaisoneröffnung
773 0 _g36. Jahrgang (2025) Nr. 223 vom 24.09.2025, S. 16 mit Fotos
_tMärkische Oderzeitung
942 _2z
_cA
999 _c374032
_d374032